Central Library OPAC University of Rajshahi

Three plays / (Record no. 21687)

MARC details
000 -LEADER
fixed length control field 00852cam a2200313 i 4500
001 - CONTROL NUMBER
control field 21687
003 - CONTROL NUMBER IDENTIFIER
rucl marc code BD-RjUL
005 - DATE AND TIME OF LATEST TRANSACTION
control field 20211209000721.0
008 - FIXED-LENGTH DATA ELEMENTS--GENERAL INFORMATION
fixed length control field 140305s1972 xx 000 0 eng
035 ## - SYSTEM CONTROL NUMBER
System control number (BD-RJUL)21752
System control number (OCoLC)ocm01504380
System control number (CStRLIN)NYCG82-B3739
System control number (BD-RjUL)
System control number (NNC)94947
040 ## - CATALOGING SOURCE
Modifying agency NNC
Original cataloging agency BD-RjUL
Language of cataloging eng
Transcribing agency BD-RjUL
041 ## - LANGUAGE CODE
Language code of text/sound track or separate title eng
082 ## - DEWEY DECIMAL CLASSIFICATION NUMBER
Classification number 891.4427
Author mark and year CHT 1972
090 ## - LOCALLY ASSIGNED LC-TYPE CALL NUMBER (OCLC); LOCAL CALL NUMBER (OCLC)
Classification number (OCLC) (R) ; Classification number, CALL (RLIN) (NR) PK1718.C596
Local cutter number (OCLC) ; Book number/undivided call number, CALL (RLIN) T5
100 1# - MAIN ENTRY--PERSONAL NAME
Personal name CaudhurU, Munier
Dates associated with a name 1925-1971.
9 (RLIN) 66978
245 10 - TITLE STATEMENT
Title Three plays /
Statement of responsibility, etc. Munier Chowdhury ; translated by Kabir Chowdhury.
250 ## - EDITION STATEMENT
Edition statement 1st ed.
260 ## - PUBLICATION, DISTRIBUTION, ETC. (IMPRINT)
Place of publication, distribution, etc. Dacca :
Name of publisher, distributor, etc. Bengali Academy,
Date of publication, distribution, etc. 1972.
300 ## - PHYSICAL DESCRIPTION
Pagination 76 p. ;
Size 22 cm.
505 0# - FORMATTED CONTENTS NOTE
Formatted contents note Man.--The spoilt kid.--Kabar.
942 ## - ADDED ENTRY ELEMENTS (KOHA)
Source of classification or shelving scheme Dewey Decimal Classification
Koha item type Books
Holdings
Lost status Source of classification or shelving scheme Damaged status Not for loan Collection code Permanent Location Current Location Shelving location Date acquired Source of acquisition Cost, normal purchase price Total Checkouts Full call number Date last seen Copy number Koha item type
  Dewey Decimal Classification   Added to bundle Fiction Central Library, University of Rajshahi Central Library, University of Rajshahi Reading Room 25/10/1990 shaukat osman 0.00   891.4427 CHT 1972 05/03/2014 C-1 Books